Plantes de A à Z - Statistiques

Statistiques générales
  • Ce quiz a été pris 2 484 fois
  • Le résultat moyen est 15 sur 24
Statistiques - réponses
Indice Réponse % Correct
B Un favori des pandas Bambou
98%
I Fleur et partie colorée de l’œil Iris
91%
R Symbole d'amour, mais pas sans épines Rose
91%
S Arbre pleureur, blanc ou encore cogneur Saule
82%
T Fleur aux couleurs vives emblématique de la Hollande Tulipe
82%
V Plante cultivée pour ses grappes de raisins Vigne
81%
H Plante typique de Noël, recherchée pour son aspect ornemental Houx
80%
P Plante servant à la confection d'un papier qui était utilisé en Égypte antique Papyrus
79%
N Plante aquatique essentielle au bon équilibre d'un bassin de jardin Nénuphar
78%
A Apporte une note de fraîcheur fort appréciable sur le saumon Aneth
77%
J Aussi appelée narcisse, fleur pouvant aller du blanc au jaune Jonquille
73%
K Fruit de l'actinidier, dont la Nouvelle-Zélande est un important producteur Kiwi
70%
W Plante condimentaire japonaise par excellence Wasabi
66%
L Le drapeau du Québec en compte quatre Lys
65%
M Plante très appréciée pour ses qualités aromatiques Menthe
65%
E Originaire d'Australie, peut soigner le rhume et la toux Eucalyptus
64%
C Plante succulente, souvent très épineuse Cactus
62%
G Grand constituant de la cuisine asiatique et du pain d'épices Gingembre
54%
D Un grand classique des jardins, d'une multitude de couleurs Dahlia
53%
O Famille de fleurs exotiques et élégantes, largement répandue dans le monde Orchidée
47%
F Préfère des conditions ombragées et possède des frondes de grande dimension Fougère
36%
Q Aussi appelée massette, plante seulement présente près des étendues d'eau Quenouille
20%
Y Plante exotique d'Amérique Centrale, remarquable à ses feuilles en forme d'épée Yucca
17%
Z Fleur pourvue de nombreux pétales, diverse dans ses couleurs et attire les papillons Zinnia
9%
Aucun quiz correspondant
Distribution des résultats
% des personnes avec chaque résultat
Percentile par nombre de réponses
Votre historique - résultats
Vous n’avez pas pris ce quiz